000 00610nam a2200241Ia 4500
003 OSt
005 20221007102854.0
006 a|||||r|||| 00| 0
007 ta
008 221006b |||||||| |||| 00| 0 eng d
024 _a11,610
037 _cTextual
040 _aLCO
_cLCO
_beng
041 _2eng
_aeng
082 _aX8(A):Z, P5
100 _aMalik P.L.
245 0 _aHandbook of Labour and Industrial Law
250 _a9th
260 _aLucknow
_bEastern Book Company India
_c2005
300 _a1008
942 _hX8(A):Z, P5
_cTEXL
999 _c1181173
_d1181173